اردو کی نشری تاریخ میں سرسید کا مقام / (Record no. 172209)

MARC details
000 -LEADER
fixed length control field 00619nam a22001817a 4500
005 - DATE AND TIME OF LATEST TRANSACTION
control field 20200129120338.0
010 ## - LCCN (DPL NO)
LC control number 854996
020 ## - INTERNATIONAL STANDARD BOOK NUMBER
Terms of availability 6.00
035 ## - SYSTEM CONTROL NUMBER
System control number 854996
037 ## - SOURCE OF ACQUISITION
Source of stock number/acquisition BPPD/Pub.
082 ## - DEWEY DECIMAL CLASSIFICATION NUMBER
Classification number 844.08
100 ## - MAIN ENTRY--PERSONAL NAME
Personal name سید سولطان محمود حسین
245 ## - TITLE STATEMENT
Title اردو کی نشری تاریخ میں سرسید کا مقام /
Statement of responsibility, etc سید سولطان محمود حسین
246 ## - VARYING FORM OF TITLE
Title proper/short title Urdu Nashri Tarikh Mein Sarsyed ka Muqam /
Remainder of title by Syed Sultan Mehmood Hussain
260 ## - PUBLICATION, DISTRIBUTION, ETC. (IMPRINT)
Place of publication, distribution, etc Delhi
Name of publisher, distributor, etc Anees Enterprises
Date of publication, distribution, etc 1977 ء
300 ## - PHYSICAL DESCRIPTION
Extent 116p.
Dimensions 18cm(Hb)
942 ## - ADDED ENTRY ELEMENTS (KOHA)
Source of classification or shelving scheme Dewey Decimal Classification
Item type Urdu Bks
Classification part 844.08
Call number suffix س ل ط
Holdings
Withdrawn status Lost status Not for loan Collection code Home library Current library Date acquired Source of acquisition Cost, normal purchase price Full call number Barcode Copy number Cost, replacement price Koha item type
      Non-fiction Central Library Central Library 29/01/2020 BPPD/Ven. 6.00 844.08 س ل ط 854996 1 6.00 Urdu Bks

© Delhi Public Library
Hit Counter
free hit counter